Mädchen und Gewalt: Bedeutungen physischer Gewaltausübung für weibliche Jugendliche
| Main Author: | |
|---|---|
| Format: | Print Book |
| Language: | German |
| Published: |
Wiesbaden
VS, Verlag für Sozialwiss.
2009
|
| In: | Year: 2009 |
| Edition: | 1. Aufl. |
| Online Access: |
Table of Contents Rezension (Publisher) |
| Availability in Tübingen: | Present in Tübingen. UB: 49 A 11437 |
| Check availability: | HBZ Gateway |
| Subito Delivery Service: | Order now. |
| Keywords: |
MARC
| LEADER | 00000cam a2200000 c 4500 | ||
|---|---|---|---|
| 001 | 604290519 | ||
| 003 | DE-627 | ||
| 005 | 20260206151012.0 | ||
| 007 | tu | ||
| 008 | 090708s2009 gw ||||| m 00| ||ger c | ||
| 010 | |a 2009674209 | ||
| 015 | |a 09,N29,0434 |2 dnb | ||
| 015 | |a 09,N29,0434 |2 dnb | ||
| 016 | 7 | |a 995019207 |2 DE-101 | |
| 020 | |a 9783531170268 |c PB. : ca. EUR 39.90 |9 978-3-531-17026-8 | ||
| 024 | 3 | |a 9783531170268 | |
| 035 | |a (DE-627)604290519 | ||
| 035 | |a (DE-603)21672578X | ||
| 035 | |a (DE-576)309000688 | ||
| 035 | |a (DE-599)DNB995019207 | ||
| 035 | |a (OCoLC)458692940 | ||
| 035 | |a (OCoLC)458692940 | ||
| 040 | |a DE-627 |b ger |c DE-627 |e rakwb | ||
| 041 | |a ger | ||
| 044 | |c XA-DE-HE | ||
| 050 | 0 | |a HV6250.4.G57 | |
| 072 | 7 | |a JHB |2 bicssc | |
| 072 | 7 | |a SOC026000 |2 bisacsh | |
| 082 | 0 | |a 303.608352 | |
| 082 | 0 | |a 360 |q BSZ | |
| 082 | 0 | 4 | |a 300 |a 360 |
| 084 | |a CV 4000 |2 rvk |0 (DE-625)rvk/19158: | ||
| 084 | |a MS 2400 |2 rvk |0 (DE-625)rvk/123637: | ||
| 084 | |a 81.55 |2 bkl | ||
| 084 | |a 71.31 |2 bkl | ||
| 090 | |a a | ||
| 100 | 1 | |a Heeg, Rahel |0 (DE-588)139299076 |0 (DE-627)609822977 |0 (DE-576)311109179 |4 aut | |
| 109 | |a Heeg, Rahel | ||
| 245 | 1 | 0 | |a Mädchen und Gewalt |b Bedeutungen physischer Gewaltausübung für weibliche Jugendliche |c Rahel Heeg |
| 250 | |a 1. Aufl. | ||
| 264 | 1 | |a Wiesbaden |b VS, Verlag für Sozialwiss. |c 2009 | |
| 300 | |a 320 S. |b graph. Darst. |c 21 cm | ||
| 336 | |a Text |b txt |2 rdacontent | ||
| 337 | |a ohne Hilfsmittel zu benutzen |b n |2 rdamedia | ||
| 338 | |a Band |b nc |2 rdacarrier | ||
| 500 | |a Literaturverz. S. [309] - 320 | ||
| 502 | |a Zugl.: Basel, Univ., Diss., 2009 | ||
| 583 | 1 | |a Archivierung/Langzeitarchivierung gewährleistet |f SLG |x XA-DE-NI |z Bücherarchiv der GWV-Verlage |2 pdager |5 DE-84 | |
| 583 | 1 | |a Archivierung/Langzeitarchivierung gewährleistet |f SSG |x XA-DE-BW |2 pdager |5 DE-21 | |
| 583 | 1 | |a Archivierung/Langzeitarchivierung gewährleistet |f PEHE |2 pdager |5 DE-43 | |
| 650 | 0 | |a Girls |x Violence against | |
| 650 | 0 | |a Teenage Girls |x Psychology | |
| 650 | 0 | |a Juvenile delinquents | |
| 650 | 0 | |a Teenagers with social disabilities | |
| 650 | 0 | 7 | |0 (DE-588)4189399-2 |0 (DE-627)104247371 |0 (DE-576)210059478 |a Weibliche Jugend |2 gnd |
| 650 | 0 | 7 | |0 (DE-588)4157237-3 |0 (DE-627)105502421 |0 (DE-576)209832878 |a Gewalttätigkeit |2 gnd |
| 650 | 0 | 7 | |0 (DE-588)4040364-6 |0 (DE-627)106223844 |0 (DE-576)209039698 |a Motivation |2 gnd |
| 650 | 4 | |a Gewalt, Abbildung, Dimension, Wahrnehmung, Kontext, Desintegration | |
| 655 | 7 | |a Konferenzschrift |y Kärnten, 2009 |z Feldkirchen |0 (DE-588)1071861417 |0 (DE-627)826484824 |0 (DE-576)433375485 |2 gnd-content | |
| 655 | 7 | |a Hochschulschrift |0 (DE-588)4113937-9 |0 (DE-627)105825778 |0 (DE-576)209480580 |2 gnd-content | |
| 655 | 7 | |a Fallstudiensammlung |0 (DE-588)4522595-3 |0 (DE-627)251636593 |0 (DE-576)213309580 |2 gnd-content | |
| 689 | 0 | 0 | |d s |0 (DE-588)4028859-6 |0 (DE-627)104419199 |0 (DE-576)208979859 |a Jugend |2 gnd |
| 689 | 0 | 1 | |d s |0 (DE-588)4157237-3 |0 (DE-627)105502421 |0 (DE-576)209832878 |a Gewalttätigkeit |2 gnd |
| 689 | 0 | 2 | |d s |0 (DE-588)4027274-6 |0 (DE-627)106285319 |0 (DE-576)208970150 |a Interdisziplinäre Forschung |2 gnd |
| 689 | 0 | |5 DE-101 | |
| 751 | |a Basel |0 (DE-588)4004617-5 |0 (DE-627)10638497X |0 (DE-576)208856919 |4 uvp | ||
| 856 | 4 | 2 | |u http://www.socialnet.de/rezensionen/isbn.php?isbn=978-3-531-17026-8 |m V:DE-601 |m B:socialnet. |q text/html |v 201307-05 |x Verlag |y Rezension (socialnet.) |3 Rezension |7 1 |
| 856 | 4 | 2 | |u http://d-nb.info/995019207/04 |m B:DE-101 |q application/pdf |v 20130501 |x Verlag |3 Inhaltsverzeichnis |7 1 |
| 856 | 4 | 2 | |u http://scans.hebis.de/HEBCGI/show.pl?21672578_toc.pdf |m V:DE-603;B:DE-17 |q application/pdf |3 Inhaltsverzeichnis |7 1 |
| 935 | |a mkri | ||
| 935 | |i sf | ||
| 935 | |i Blocktest | ||
| 936 | r | v | |a CV 4000 |b Gruppenpsychologie |k Psychologie |k Sozialpsychologie |k Gruppenpsychologie |0 (DE-627)1270830112 |0 (DE-625)rvk/19158: |0 (DE-576)200830112 |
| 936 | r | v | |a MS 2400 |b Jugendkriminalität und -verwahrlosung |k Soziologie |k Spezielle Soziologien |k Jugendsoziologie |k Jugendkriminalität und -verwahrlosung |0 (DE-627)1271440997 |0 (DE-625)rvk/123637: |0 (DE-576)201440997 |
| 936 | b | k | |a 81.55 |j Schülerverhalten |j Studentenverhalten |0 (DE-627)106422782 |
| 936 | b | k | |a 71.31 |j Geschlechter und ihr Verhalten |0 (DE-627)106412655 |
| 936 | s | n | |a c200 |2 mzub |
| 936 | s | n | |a m200 |2 mzub |
| 951 | |a BO | ||
| ELC | |b 1 | ||
| LOK | |0 000 xxxxxcx a22 zn 4500 | ||
| LOK | |0 001 3236332174 | ||
| LOK | |0 003 DE-627 | ||
| LOK | |0 004 604290519 | ||
| LOK | |0 005 20091126082728 | ||
| LOK | |0 008 091116||||||||||||||||ger||||||| | ||
| LOK | |0 040 |a DE-21 |c DE-627 |d DE-21 | ||
| LOK | |0 852 |a DE-21 | ||
| LOK | |0 852 1 |c 49 A 11437 |9 00 | ||
| LOK | |0 938 |a 0911 |f 40 | ||
| LOK | |0 939 |a 16-11-09 |b l01 | ||
| LOK | |0 000 xxxxxcx a22 zn 4500 | ||
| LOK | |0 001 3236333154 | ||
| LOK | |0 003 DE-627 | ||
| LOK | |0 004 604290519 | ||
| LOK | |0 005 20090930160341 | ||
| LOK | |0 008 090727||||||||||||||||ger||||||| | ||
| LOK | |0 040 |a DE-Frei85 |c DE-627 |d DE-Frei85 | ||
| LOK | |0 852 |a DE-Frei85 | ||
| LOK | |0 852 1 |m p |9 00 | ||
| LOK | |0 938 |k p | ||
| LOK | |0 939 |a 27-07-09 |b l01 | ||
| ORI | |a SA-MARC-krimdoka001.raw | ||
| SIG | |a UB: 49 A 11437 | ||
